000 00622nam a2200193 a 4500
008 120416s1986 ||||||||||||||||| || u
020 _a007021803X
050 _aHG 4521 Fra
100 _aFrancis, Jack Clark
245 1 0 _aInvestments: analysis and management. (4th ed.)
250 _a4th ed.
260 _aNew York:
_bMcGraw-Hill
_c1986
300 _axix, 951p. : ill.
350 _a0.00
650 _aINVESTMENTS
650 _aFINANCIAL FUTURES
650 _aSECURITIES--ZAMBIA
995 _D0.00
_FCBU-MAIN LIBRARY (Kitwe)
_H1
_I34.95
_UAVAILABLE
_ZShort Loan Collection
999 _c48334
_d48334